[Event "Rennes op 2nd"]
[Site "Rennes"]
[Date "2009.07.19"]
[Round "5"]
[White "Castel, Efflam"]
[Black "Lezot, Pierre"]
[Result "1-0"]
[WhiteElo "1927"]
[BlackElo "1744"]
[PlyCount "63"]
[EventDate "2009.07.15"]
[EventType "swiss"]
[EventRounds "9"]
[EventCountry "FRA"]
[SourceTitle "EXT 2011"]
[Source "ChessBase"]
[SourceDate "2010.11.26"]
[SourceVersion "1"]
[SourceVersionDate "2010.11.26"]
[SourceQuality "1"]

1. e4 c5 2. Nf3 Nc6 3. d4 cxd4 4. Nxd4 Nxd4 5. Qxd4 Qc7 6. Nc3 e5 7. Qc4 Qxc4 8. Bxc4 Bb4 9. Bd2 Bxc3 10. Bxc3 f6 11. 0-0-0 Rb8 12. Rd6 b5 13. Bb3 b4 14. Bd2 Ne7 15. Be3 a5 16. Rhd1 f5 17. f3 f4 18. Bf2 Rf8 19. Bb6 Nc6 20. Bf2 Ne7 21. Bh4 h6 22. Bxe7 Kxe7 23. Rg6 Rf7 24. Bxf7 Kxf7 25. Rgd6 Rb7 26. R6d5 a4 27. Rxe5 g5 28. Ra5 b3 29. Rxa4 bxc2 30. Kxc2 Rc7+ 31. Kb1 Ke7 32. Rc1 1-0

[Event "Brest op"]
[Site "Brest"]
[Date "2009.04.13"]
[Round "6"]
[White "Castel, Efflam"]
[Black "Le Marec, Simon"]
[Result "0-1"]
[WhiteElo "1894"]
[BlackElo "2063"]
[PlyCount "72"]
[EventDate "2009.04.11"]
[EventType "swiss"]
[EventRounds "7"]
[EventCountry "FRA"]
[SourceTitle "EXT 2011"]
[Source "ChessBase"]
[SourceDate "2010.11.26"]
[SourceVersion "1"]
[SourceVersionDate "2010.11.26"]
[SourceQuality "1"]

1. e4 e6 2. d4 d5 3. exd5 exd5 4. Bd3 Bd6 5. Nf3 Ne7 6. 0-0 Bf5 7. Nc3 Bxd3 8. Qxd3 c6 9. Ne2 Qc7 10. Ng3 g6 11. Bg5 Nd7 12. Rfe1 f6 13. Bd2 0-0-0 14. b4 h5 15. a4 h4 16. Nf1 g5 17. Reb1 g4 18. Ne1 Rdg8 19. g3 hxg3 20. fxg3 Ng6 21. Ng2 Rh5 22. c4 dxc4 23. Qxc4 Rgh8 24. b5 Nge5 25. dxe5 Nxe5 26. Qe6+ Kb8 27. bxc6 Qxc6 28. Be3 Nf3+ 29. Kf2 Bxg3+ 30. Nxg3 Qxe6 31. Nxh5 Rxh5 32. Bf4+ Ka8 33. Rd1 Qb6+ 34. Be3 Qb2+ 35. Kg3 Rh3+ 36. Kxg4 Qxg2+ 0-1

[Event "Brest op"]
[Site "Brest"]
[Date "2009.04.11"]
[Round "2"]
[White "Castel, Efflam"]
[Black "Kerbaol, Jacques"]
[Result "1-0"]
[WhiteElo "1894"]
[BlackElo "1694"]
[PlyCount "87"]
[EventDate "2009.04.11"]
[EventType "swiss"]
[EventRounds "7"]
[EventCountry "FRA"]
[SourceTitle "EXT 2011"]
[Source "ChessBase"]
[SourceDate "2010.11.26"]
[SourceVersion "1"]
[SourceVersionDate "2010.11.26"]
[SourceQuality "1"]

1. e4 e5 2. Nf3 Nc6 3. d4 exd4 4. Nxd4 Bc5 5. Be3 Qf6 6. c3 Nge7 7. Bc4 0-0 8. 0-0 Nxd4 9. cxd4 Bb6 10. Nc3 d6 11. Qd2 h6 12. f4 c6 13. e5 dxe5 14. fxe5 Qg6 15. Bd3 Bf5 16. Rxf5 Nxf5 17. Rf1 Nxe3 18. Bxg6 Nxf1 19. Kxf1 fxg6+ 20. Ke1 Rad8 21. Ne2 Rfe8 22. Qf4 Rd7 23. Qg4 Ba5+ 24. Kf2 Rf7+ 25. Ke3 Bb6 26. Ke4 g5 27. Kd3 c5 28. e6 Rfe7 29. d5 Bc7 30. g3 b5 31. Nc3 a6 32. a4 c4+ 33. Kd4 Bb6+ 34. Ke5 Bc7+ 35. d6 Rxe6+ 36. Qxe6+ Rxe6+ 37. Kxe6 Ba5 38. axb5 axb5 39. Nxb5 Kf8 40. Kd7 Bb4 41. Kc7 Ba5+ 42. Kc8 g4 43. Nc7 g5 44. d7 1-0

[Event "FRA-ch op-B"]
[Site "Chartres"]
[Date "2005.08.24"]
[Round "7"]
[White "Castel, Efflam"]
[Black "Morisse, Matthieu"]
[Result "1-0"]
[WhiteElo "1890"]
[BlackElo "1970"]
[PlyCount "85"]
[EventDate "2005.08.15"]
[EventType "swiss"]
[EventRounds "11"]
[EventCountry "FRA"]
[SourceTitle "EXT 2006"]
[Source "ChessBase"]
[SourceDate "2005.11.24"]
[SourceVersion "1"]
[SourceVersionDate "2005.11.24"]
[SourceQuality "1"]

1. d4 Nf6 2. c4 g6 3. Nc3 Bg7 4. e4 d6 5. Be2 0-0 6. Bg5 Nbd7 7. Qd2 c5 8. d5 a6 9. h4 h5 10. f3 Ne5 11. Nh3 Bd7 12. a4 Qa5 13. 0-0 Bxh3 14. gxh3 Rae8 15. Kh1 Qb4 16. Nd1 Qb6 17. a5 Qc7 18. Rb1 Kh7 19. b4 cxb4 20. Qxb4 Rb8 21. Be3 Rfc8 22. Bb6 Qd7 23. Kh2 Qe8 24. Ne3 Ra8 25. Rfc1 Nfd7 26. c5 dxc5 27. Bxc5 Nxc5 28. Rxc5 Qd7 29. f4 Bh6 30. Ng2 Rxc5 31. Qxc5 Rc8 32. Qb4 Rc2 33. Rb2 Qc7 34. Qxb7 Qxb7 35. Rxb7 Rxe2 36. fxe5 Rxe4 37. Rxe7 Ra4 38. Rxf7+ Kg8 39. e6 Rxa5 40. Rd7 Ra2 41. Rd8+ Kg7 42. e7 Bf4+ 43. Kg1 1-0

[Event "FRA-chT3 0405"]
[Site "France"]
[Date "2004.10.10"]
[Round "1.1"]
[White "Castel, Efflam"]
[Black "Labarrere, Daniel"]
[Result "1-0"]
[WhiteElo "2000"]
[BlackElo "1910"]
[PlyCount "63"]
[EventDate "2004.10.10"]
[EventType "team"]
[EventRounds "9"]
[EventCountry "FRA"]
[SourceTitle "EXT 2007"]
[Source "ChessBase"]
[SourceDate "2006.11.23"]
[SourceVersion "1"]
[SourceVersionDate "2006.11.23"]
[SourceQuality "1"]

1. d4 Nf6 2. c4 e6 3. Nc3 Bb4 4. Nf3 0-0 5. Qc2 d5 6. e3 Nc6 7. Bd3 Bd7 8. 0-0 dxc4 9. Bxc4 a6 10. Bd3 Bxc3 11. bxc3 Re8 12. Ba3 e5 13. Ng5 g6 14. Rab1 Ng4 15. Ne4 exd4 16. cxd4 Qh4 17. h3 Nh6 18. Rxb7 Bxh3 19. gxh3 Qxh3 20. f3 Qe6 21. Rxc7 Nd8 22. Bc1 Kg7 23. Qh2 Qb6 24. Bb2 Nf5 25. Rb1 Rxe4 26. Bxe4 Rb8 27. Qe5+ Kh6 28. Rc2 f6 29. Qf4+ Kg7 30. Qc7+ Kh8 31. Qxb6 Rxb6 32. Rc8 1-0